|
|
|
|
| LEADER |
00000nab a2200000 a 4500 |
| 001 |
vtls000903172 |
| 003 |
SK-MaSNL |
| 005 |
20260302172716.0 |
| 008 |
040720e20000211xo 0 slo |
| 035 |
|
|
|a KE12141
|
| 040 |
|
|
|a KEVKJB
|b slo
|c KEVKJB
|e AACR2
|
| 041 |
0 |
|
|a slo
|
| 044 |
|
|
|a xo
|c SK
|
| 080 |
|
|
|a 793.32
|2 1981
|
| 080 |
|
|
|a 929
|2 1981
|
| 100 |
1 |
|
|a Gilányi, Gabriel
|4 aut
|9 858096
|
| 245 |
1 |
0 |
|a Označili ju za talent tisícročia
|b "V Košiciach vôbec necítim umeleckého ducha," tvrdí choreografka Boba Brella
|
| 300 |
|
|
|b 1 obr.
|
| 590 |
|
|
|a Brella, Boba
|b choreografka, umelecká vedúca
|
| 600 |
1 |
7 |
|a Brella, Boba,
|d 1963-2015
|2 KEVKJB
|9 879158
|
| 650 |
0 |
7 |
|a tanec
|2 KEVKJB
|9 743
|
| 650 |
0 |
7 |
|a choreografia
|2 KEVKJB
|9 52282
|
| 650 |
0 |
7 |
|a rozhovory profilové
|2 KEVKJB
|9 873258
|
| 651 |
|
7 |
|a Košice (Slovensko)
|2 KEVKJB
|9 18694
|
| 651 |
|
7 |
|a KE,
|2 KEVKJB
|9 877256
|
| 655 |
|
7 |
|a periodikum
|2 snkbucl
|9 29553
|
| 700 |
1 |
0 |
|a Brella, Boba
|4 aut
|9 879159
|
| 773 |
0 |
8 |
|t Košický večer
|g Roč. 11
|g Roč. 32, 11.2.2000, s. 2
|
| 773 |
0 |
8 |
|i Príl.:
|t Magazín. - Roč. 5, č. 6 (2000)
|
| 852 |
|
|
|a ZVYKNI
|b KIS3GCP
|
| 999 |
|
|
|c 1399521
|d 1401451
|